La Llibreria de la Rambla (1968 - 1980)
ISBN:
978-84-935674-0-8
Descripción Física:
95 p. : il. col., fot. ; 21 cm
Colección:
Quaderns de l'arxiu ; 3
Otros Autores:
Tarragona. Servei d'Arxiu i Documentació Municipal
MARC
| LEADER | 00000nam a2200000Ia 4500 | ||
|---|---|---|---|
| 001 | 20808 | ||
| 008 | 160829s2008 xx 000 0 cat d | ||
| 020 | |a 978-84-935674-0-8 | ||
| 080 | |a A-2-329 | ||
| 245 | |a La Llibreria de la Rambla (1968 - 1980) | ||
| 260 | |a Tarragona : |b Servei d'Arxiu i Documentació Municipal, Ajuntament de Tarragona, |c 2008 | ||
| 300 | |a 95 p. : |b il. col., fot. ; |c 21 cm | ||
| 490 | |a Quaderns de l'arxiu ; 3 | ||
| 650 | |a Arxiu Històric de la Ciutat de Tarragona |x Catàlegs |9 40792 | ||
| 650 | |a Llibreria de la Rambla |x Arxius |9 40793 | ||
| 700 | |a Tarragona. Servei d'Arxiu i Documentació Municipal |9 27820 | ||
| 710 | 1 | |a Tarragona (Catalunya). |b Ajuntament |9 55108 | |
| 901 | |a Arxiu | ||
| 942 | |n 1 | ||
| 952 | |0 0 |1 0 |4 0 |6 A2329 |7 1 |9 49907 |a Arxiu |b Arxiu |d 2016-12-01 |l 0 |o A-2-329 |p 20808 |r 2016-12-01 00:00:00 |w 2016-12-01 |y ARXIU | ||
| 999 | |c 53749 |d 53749 | ||